Keating on construction contracts (Record no. 105479)

MARC details
000 -LEADER
fixed length control field 00966cam a22003015a 4500
001 - CONTROL NUMBER
control field ##E133801
008 - FIXED-LENGTH DATA ELEMENTS--GENERAL INFORMATION
fixed length control field 060612s2006 xxk f 000 0 eng d
020 ## - INTERNATIONAL STANDARD BOOK NUMBER
International Standard Book Number 0421899905
035 ## - SYSTEM CONTROL NUMBER
System control number (Sirsi) u133801
041 0# - LANGUAGE CODE
Language code of text/sound track or separate title eng
050 04 - LIBRARY OF CONGRESS CALL NUMBER
Classification number 692.8 $2 18
100 1# - MAIN ENTRY--PERSONAL NAME
Personal name Ramsey, Vivian
245 00 - TITLE STATEMENT
Title Keating on construction contracts
250 ## - EDITION STATEMENT
Edition statement 8th ed.
260 ## - PUBLICATION, DISTRIBUTION, ETC.
Place of publication, distribution, etc. London
Name of publisher, distributor, etc. Sweet and Maxwell
Date of publication, distribution, etc. 2006
350 ## - PRICE (NR) (BK AM CF MU VM SE) [OBSOLETE]
Price 285
520 ## - SUMMARY, ETC.
Summary, etc. To use in connection with "Keating on construction contracts: first supplement to the eighth edition" (see record E146413 ISBN 97804219225010).
520 ## - SUMMARY, ETC.
Summary, etc. Supersedes "Keating on building contracts" (ISBN 0421565306).
650 ## - SUBJECT ADDED ENTRY--TOPICAL TERM
Topical term or geographic name entry element BUILT ENVIRONMENT-BUILDING CONTRACT FORMS
650 ## - SUBJECT ADDED ENTRY--TOPICAL TERM
Topical term or geographic name entry element ICE CONDITIONS OF CONTRACT
650 ## - SUBJECT ADDED ENTRY--TOPICAL TERM
Topical term or geographic name entry element JOINT CONTRACTS TRIBUNAL
650 ## - SUBJECT ADDED ENTRY--TOPICAL TERM
Topical term or geographic name entry element LAW
690 ## - LOCAL SUBJECT ADDED ENTRY--TOPICAL TERM (OCLC, RLIN)
Topical term or geographic name as entry element BUILT ENVIRONMENT-BUILDING CONTRACT FORMS
700 1# - ADDED ENTRY--PERSONAL NAME
Personal name Furst, Stephen
700 1# - ADDED ENTRY--PERSONAL NAME
Personal name Keating, Donald
942 ## - ADDED ENTRY ELEMENTS (KOHA)
Suppress in OPAC 0
Holdings
Withdrawn status Lost status Source of classification or shelving scheme Damaged status Not for loan Home library Current library Shelving location Date acquired Total Checkouts Full call number Barcode Date last seen Copy number Price effective from Koha item type
    Dewey Decimal Classification     London London Books 15/02/2008   692.8 KEA 30073265 06/08/2019 1 06/08/2019 Reference material